|
|
|
|
| LEADER |
01466nam a2200313 a 4500 |
| 001 |
c000065437 |
| 003 |
CARM |
| 005 |
00000000000000.0 |
| 008 |
810406s1980 stk b 10000 eng |
| 015 |
|
|
|a GB81-10400
|
| 019 |
1 |
|
|a 2078524
|5 LACONCORD2021
|
| 020 |
|
|
|a 0950727903 (pbk.)
|
| 035 |
|
|
|a (OCoLC)9919461
|5 LACONCORD2021
|
| 043 |
|
|
|a e-uk---
|
| 050 |
0 |
0 |
|a KD1125.A75
|b E53 1980
|
| 245 |
0 |
0 |
|a Enforcement of planning control :
|b law and practice /
|c discussion papers from a course held by the Department of Urban and Regional Planning, University of Strathclyde in June 1979 ; edited by Tony Ramsay and Eric Young.
|
| 260 |
|
|
|a Glasgow :
|b The Continuing Education Office, University of Strathclyde,
|c c1980.
|
| 300 |
|
|
|a ii, 81 leaves ;
|c 21 x 30 cm.
|
| 504 |
|
|
|a Includes bibliographical references.
|
| 650 |
|
0 |
|a City planning and redevelopment law
|z Great Britain
|x Congresses.
|
| 650 |
|
0 |
|a Regional planning
|x Law and legislation
|z Great Britain
|x Congresses.
|
| 650 |
|
0 |
|a Executions (Administrative law)
|z Great Britain
|x Congresses.
|
| 700 |
1 |
|
|a Ramsay, Tony.
|
| 700 |
1 |
|
|a Young, Eric S.
|
| 710 |
2 |
0 |
|a University of Strathclyde.
|b Dept. of Urban and Regional Planning.
|
| 852 |
8 |
|
|b CARM
|h A2:AF05D3
|i E00251
|p 0059675
|f BK
|
| 082 |
0 |
4 |
|a 346.4204/5
|a 344.20645
|2 19
|
| 999 |
f |
f |
|i 2d772c80-e8e6-5255-abc2-9826d3874f09
|s 2492286c-b222-5e7c-9211-eda9b3d01d74
|
| 952 |
f |
f |
|p Can circulate
|a CAVAL
|b CAVAL
|c CAVAL
|d CARM 1 Store
|e E00251
|f A2:AF05D3
|h Other scheme
|i book
|m 0059675
|